Chaîne de villes - Difficile - Statistiques

Statistiques générales
  • Ce quiz a été pris 316 fois
  • Le résultat moyen est 11 sur 24
Statistiques - réponses
Indice Ville % Correct
Ville de naissance de Mozart Salzbourg
79%
Cité des sacres de nombreux rois carolingiens Reims
71%
Capitale de la Nouvelle-Calédonie Nouméa
70%
Ville nommée en l'honneur d'un révolutionnaire vietnamien Hô-Chi-Minh-Ville
68%
Capitale du Burkina Faso Ouagadougou
64%
Ville sur une île française Ajaccio
62%
Préfecture d'un département de Normandie Évreux
55%
Ville du Nebraska donnant son nom à une plage française Omaha
55%
Mercedes-Benz et Porsche y sont installés Stuttgart
54%
Titre d'un film de Christopher Nolan Dunkerque
50%
On y trouve le campus de l'Université du Texas Austin
47%
Ville chinoise connue pour son "armée de terre cuite" Xi'an
45%
Ville australienne nommée en l'honneur d'une reine Adélaïde
44%
Ville portuaire de la mer Noire Odessa
44%
Son nom allemand est Dantzig Gdańsk
43%
Ville portuaire turque Izmir
43%
Ville située à l'Ouest de la Floride Tampa
36%
Ville américaine se traduisant par "Le Passage" El Paso
32%
Capitale des Samoa Apia
31%
Ville portuaire située à proximité de La Mecque Djeddah
30%
Capitale de la région autonome ouïghoure du Xinjiang Ürümqi
27%
Grande ville russe sur la Volga Nijni Novgorod
26%
Plus grande ville en "A" située en Inde Ahmedabad
24%
Deuxième ville du Nigeria par population Kano
23%
Aucun quiz correspondant
Distribution des résultats
% des personnes avec chaque résultat
Percentile par nombre de réponses
Votre historique - résultats
Vous n’avez pas pris ce quiz